A comparative study of the adoption of hybrid work models between Hungary and Cambodia in the corporate service firms after 2020

Bibliográfiai részletek
Szerző: Han Srey Leak
További közreműködők: Kóris Dr. Rita
Dokumentumtípus: TDK dolgozat
Kulcsszavak:21th century
Access
angol nyelv
EU és Magyarország
work life balance
Online Access:http://dolgozattar.uni-bge.hu/60412

MARC

LEADER 00000nta a2200000 i 4500
001 dolg60412
005 20260416073642.0
008 260416suuuu hu o 000 eng d
040 |a BGE Dolgozattár Repozitórium  |b hun 
041 |a en 
100 1 |a Han Srey Leak 
245 1 2 |a A comparative study of the adoption of hybrid work models between Hungary and Cambodia in the corporate service firms after 2020  |c Han Srey Leak  |h [elektronikus dokumentum] 
516 |a Students_Scientific_Association_paper 
520 3 |a This study is to investigate the adoption of hybrid work arrangements in corporate service firms in Hungary and Cambodia after the COVID-19 pandemic to date. As the corporate service firm worldwide experienced a rapid shift to hybrid work, so in this country-specific comparative study will examine and highlight differences in organizational culture, motivation, productivity, and employee satisfaction. The aim of this study is to reveal the internal factors of work-life balance, work autonomy and communication styles as well as external influences, including national culture, technology and regulatory contexts. The research aims to uncover the root causes that shape employee preferences and experiences of work arrangements in both countries. By conducting a mixed-methods approach, the study administers surveys and interviews to gather quantitative and qualitative data. The findings are expected to highlight the differences in diverse cultures reflected in internal and external factors, and how they shape the work arrangement of both countries, as well as the challenges and benefits of hybrid work. Based on primary and secondary research, the analysis reveals that Hungarian firms often have pre-existing digital readiness and structured corporate policies to implement hybrid work, thus they tend to be ready to offer hybrid work, Cambodian firms, on the other hand, faced more substantial adaptation challenges due to technological and infrastructural gaps and unauthorized regulatory support. Benefits of the hybrid work, like flexibility and employee satisfaction were common in both contexts, while challenges, ranging from communication barriers to inconsistencies in technological integration. Consequently, this study provides substantial insights into how cultural and structural dynamics shape post-pandemic hybrid work models, offering lessons for cross-cultural organizational strategies in corporate service sectors. 
695 |a 21th century 
695 |a Access 
695 |a angol nyelv 
695 |a EU és Magyarország 
695 |a work life balance 
700 1 |a Kóris Dr. Rita  |e ths 
856 4 0 |u http://dolgozattar.uni-bge.hu/60412/1/A%20comparative%20study%20of%20the%20adoption%20of%20hybrid%20work%20models%20between%20Hungary%20and%20Cambodia%20in%20the%20corporate%20service%20firms%20after%202020.pdf  |z Dokumentum-elérés 
856 4 0 |u http://dolgozattar.uni-bge.hu/60412/2/Resume_2025_TDK.pdf  |z Dokumentum-elérés 
856 4 0 |u http://dolgozattar.uni-bge.hu/60412/3/05_Paper_evaluation_form_Han_Srey_Leak_PV.pdf  |z Dokumentum-elérés 
856 4 0 |u http://dolgozattar.uni-bge.hu/60412/4/b%C3%ADr%C3%A1lat_HAN%20Srey%20Leak_2025.pdf  |z Dokumentum-elérés